000 00437nam a2200157 a 4500
005 20251018170832.0
008 251018s2025##################000#0#eng##
020 _a3768212580
082 0 4 _a589.20922
_bPET
100 1 _aPetersen, Ronald H.,
245 1 0 _aB. & C., The Mycological Association Of M.j. Berkeley And M.a. Curtis
_cPetersen, Ronald H.,
260 _c1980
300 _a124 pages
650 _aScience
942 _cENGLISH
999 _c592416
_d592416